000 00943nas a2200289 4500
001 BR2012007059
003 BR-BrBNA
005 20231205121346.0
007 ta
008 230509b bl.|||p| |||| 00| 00por d
040 _aBR-BrBNA
_bpor
_cBiblioteca Nacional de Agricultura
041 _a(Pt)
072 _aF04; F01
100 1 _aLudwig, F.
100 1 _aGuerrero, A.C.
100 1 _aFernandes, D.M.
100 1 _aVillas Bôas, R.L.
100 1 _aLaschi, D.
245 1 _aQualidade de cultivares de gérbera de vaso em função das características físicas e químicas dos substratos
650 _aGERBERA JAMESONII
650 _aCULTIVO HIDROPÔNICO
650 _aFERTIRRIGAÇÃO
650 _aPROPRIEDADE FÍSICO-QUÍMICA
773 0 _tRevista Brasileira de Horticultura Ornamental (Brazil)
_xISSN 1809-6093
_g(2011), v.17(2) p. 141-148
_wBR2012007059
909 _a202311
_bLúcia
_c55
_dLúcia Elande
942 _2AGRIS
_n0
_cANA
999 _c223144
_d223144